| 000 | 00736cam a22002174a 4500 | ||
|---|---|---|---|
| 001 | 11967030 | ||
| 005 | 20241030155357.0 | ||
| 008 | 000406s2001 paua b 001 0 eng c | ||
| 020 | _a1560534087 (alk. paper) | ||
| 050 | 0 | 0 |
_aRA566.23 _b.E55 2001 |
| 082 | 0 | 0 |
_a615.9/0076 _221 |
| 245 | 0 | 0 |
_aEnvironmental health secrets / _c[edited by] Luanne Kemp Williams, Ricky L. Langley. |
| 260 |
_aPhiladelphia : _bHanley & Belfus, _cc2001. |
||
| 300 |
_axiii, 266 p. : _bill. ; _c23 cm. |
||
| 440 | 4 | _aThe secrets series | |
| 650 | 0 |
_aEnvironmental health _vExaminations, questions, etc. |
|
| 650 | 1 | 2 |
_aEnvironmental Health _vExamination Questions. |
| 700 | 1 |
_aWilliams, Luanne Kemp, _d1965- |
|
| 700 | 1 | _aLangley, Ricky L. | |
| 942 |
_2lcc _cBK _n0 |
||
| 999 |
_c383 _d383 |
||